| 000 | 00822cab a2200277 4500 | ||
|---|---|---|---|
| 001 | ABS51847 | ||
| 008 | 090401t1994 xxu||||| |||| 00| 0 eng d | ||
| 035 | _a(Sirsi) u46569 | ||
| 041 | _aeng | ||
| 100 | _aSchiller, R. | ||
| 245 | 4 | _aThe interface between valuation and forecasting | |
| 260 | _c1994 | ||
| 350 | _a0 | ||
| 490 |
_aJournal of Property Valuation and Investment _v12(4) 1994, 3-6(4) |
||
| 520 | _aDescribes the differences between valuation and forecasting, with reference to four areas which involve both. | ||
| 650 | _aBUY-SELL ADVICE | ||
| 650 | _aDCF | ||
| 650 | _aDEVELOPMENT APPRAISAL | ||
| 650 | _aDISCOUNTED CASH FLOW | ||
| 650 | _aFORECASTING | ||
| 650 | _aVALUATION METHODS | ||
| 650 |
_aValuation _96273 |
||
| 690 | _aRATING AND VALUATION | ||
| 942 | _n0 | ||
| 948 | _c04/03/1997 | ||
| 999 |
_c29462 _d29462 |
||